Die Arbeitsverfassung der bayerischen Grundherrschaft : vom 10. bis zum 14. Jahrhundert /

Saved in:
Bibliographic Details
Main Author: Ott, Andreas G., 1964-
Format: Book
Language:German
Published: Berlin : Baden-Baden : Berlin Verlag A. Spitz ; Nomos, c1997
Series:Berliner juristische Universitätsschriften. Grundlagen des Rechts ; Bd. 6.
Subjects:
Tags: Add Tag
No Tags, Be the first to tag this record!
LEADER 01124aam a22002774a 4500
001 007720663-0
005 20020606104010.5
008 990615s1997 gw a b 001 0 ger
010 |a  99216266  
020 |a 3870616741 (Berlin Verlag) 
020 |a 3789051268 (Nomos) 
035 0 |a ocm44861275 
040 |a DLC  |c DLC  |d DLC  |d MH-L 
043 |a e-gx--- 
050 0 0 |a KK326  |b .O88 1997 
100 1 |a Ott, Andreas G.,  |d 1964- 
245 1 4 |a Die Arbeitsverfassung der bayerischen Grundherrschaft :  |b vom 10. bis zum 14. Jahrhundert /  |c Andreas G. Ott. 
260 |a Berlin :  |b Berlin Verlag A. Spitz ;  |a Baden-Baden :  |b Nomos,  |c c1997 
300 |a 329 p. :  |b ill. ;  |c 22 cm. 
490 1 |a Berliner juristische Universitätsschriften. Grundlagen des Rechts ;  |v Bd. 6 
504 |a Includes bibliographical references (p. 285-324) and index. 
650 0 |a Peasants  |x Legal status, laws, etc.  |z Germany  |z Bavaria  |x History. 
650 0 |a Agricultural laborers  |x Legal status, laws, etc.  |z Germany  |z Bavaria  |x History. 
830 0 |a Berliner juristische Universitätsschriften.  |p Grundlagen des Rechts ;  |v Bd. 6. 
988 |a 20020608 
906 |0 DLC